Normal view MARC view
  • Prisioneras

Entry Materia

Number of records used in: 1

001 - NÚMERO DE CONTROL DEL REGISTRO

  • campo de control: 23975

003 - IDENTIFICADOR DE NUMERO DE CONTROL

  • campo de control: MX-MxUPN

005 - FECHA Y HORA DE LA ÚLTIMA TRANSACCIÓN

  • campo de control: 20240207115734.0

008 - DATOS DE LONGITUD FIJA

  • campo de control de longitud fija: 240207n||acnnnbabn a ana |d

035 ## - NÚMERO DE CONTROL DEL SISTEMA

  • Número de control del sistema: UPN10000023984

040 ## - FUENTE DE LA CATALOGACIÓN

  • Centro catalogador de origen: MX-MxUPN
  • Lengua de catalogación: spa

150 ## - ENCABEZAMIENTO - TEMÁTICO

  • Término de materia o nombre geográfico como elemento inicial: Prisioneras

450 ## - VÉASE - MATERIA

  • Encabezamiento temático: Mujeres prisioneras

450 ## - VÉASE - MATERIA

  • Encabezamiento temático: Mujeres en prisión

450 ## - VÉASE - MATERIA

  • Encabezamiento temático: Mujeres privadas de la libertad

450 ## - VÉASE - MATERIA

  • Encabezamiento temático: Mujeres presas

450 ## - VÉASE - MATERIA

  • Encabezamiento temático: Mujeres reclusas

450 ## - VÉASE - MATERIA

  • Encabezamiento temático: Mujeres convictas

550 ## - VÉASE ADEMÁS - MATERIA

  • Encabezamiento temático o nombre geográfico como elemento de entrada: Prisioneros

670 ## - FUENTE EN LA QUE SE LOCALIZARON DATOS

  • Cita de la fuente: Autoridades Librunam, 7 febrero 2024:
  • Información localizada: (Prisioneras)

902 ## - CATALOGADOR

  • Catalogador: MCM/050815